Makers of indian literature / (Record no. 164301)
[ view plain ]
| 000 -LEADER | |
|---|---|
| fixed length control field | 00407nam a22001577a 4500 |
| 005 - DATE AND TIME OF LATEST TRANSACTION | |
| control field | 20190515170609.0 |
| 010 ## - LCCN (DPL NO) | |
| LC control number | A-613100 |
| 035 ## - SYSTEM CONTROL NUMBER | |
| System control number | A-613100 |
| 037 ## - SOURCE OF ACQUISITION | |
| Source of stock number/acquisition | Sahitya Akademi. |
| 082 ## - DEWEY DECIMAL CLASSIFICATION NUMBER | |
| Classification number | 881.08 |
| 100 ## - MAIN ENTRY--PERSONAL NAME | |
| Personal name | Mir, Rasul. |
| 245 ## - TITLE STATEMENT | |
| Title | Makers of indian literature / |
| Statement of responsibility, etc | Rasul Mir. |
| 260 ## - PUBLICATION, DISTRIBUTION, ETC. (IMPRINT) | |
| Name of publisher, distributor, etc | Sahitya Akademi. |
| Date of publication, distribution, etc | 1990 |
| 300 ## - PHYSICAL DESCRIPTION | |
| Extent | 55p |
| Dimensions | 21cm (hbk) |
| 942 ## - ADDED ENTRY ELEMENTS (KOHA) | |
| Source of classification or shelving scheme | Dewey Decimal Classification |
| Item type | English Books |
| Classification part | 881.08 |
| Call number suffix | RAS |
| Withdrawn status | Lost status | Not for loan | Collection code | Home library | Current library | Date acquired | Full call number | Barcode | Koha item type |
|---|---|---|---|---|---|---|---|---|---|
| Non-fiction | Sarojini Nagar | Sarojini Nagar | 15/05/2019 | 881.08 RAS | A-613100 | English Books |
